| 000 | 00364nam a22001577a 4500 | ||
|---|---|---|---|
| 999 |
_c7882 _d7882 |
||
| 003 | GBCCL | ||
| 005 | 20241126110638.0 | ||
| 008 | 181016b ||||| |||| 00| 0 eng d | ||
| 040 | _cGBC | ||
| 082 |
_a267.6 _bRON |
||
| 100 |
_aRonghang, Philip _913733 |
||
| 245 | _aOve kimi | ||
| 260 |
_aPaklongkam : _bSimsere publication _c2017 |
||
| 300 | _a64 | ||
| 942 |
_2ddc _cBK |
||